|
|
|
|
| LEADER |
01277nam a2200289 a 4500 |
| 001 |
815657 |
| 008 |
090729s2003 ii a b 001 0 eng d |
| 010 |
|
|
|a 75907475
|
| 020 |
|
|
|a 8170892791
|
| 040 |
|
|
|a DLC
|c DLC
|d DLC
|
| 082 |
0 |
0 |
|a 581.6/34/0954
|2 22
|
| 100 |
1 |
|
|a Kirtikar, Kanhoba Ranchoddas,
|d 1849-1917.
|9 58772
|
| 245 |
1 |
0 |
|a Indian medicinal plants /
|c by K. R. Kirtikar and B. D. Basu.
|
| 250 |
|
|
|a Second edition /
|b edited by B. D. Basu
|
| 260 |
|
|
|a Dehra Dun:
|b Bishen Singh Mahendra Pal Singh;
|b IBD Books,
|c 2003.
|
| 300 |
|
|
|a 1-267 pages :
|b illustrations ;
|c 28 cm.
|
| 362 |
0 |
|
|a Vol.1
|
| 500 |
|
|
|a Reprint of the 2d ed.
|
| 504 |
|
|
|a Includes Index and Bibliography.
|
| 541 |
1 |
|
|a Requisitioned by Mustak Ibn Ayub
Department of Mathematics and Natural Sciences
Course name and no. "not available"
|e 00018886
|
| 650 |
|
0 |
|a Medicinal plants
|z India.
|9 58773
|
| 650 |
|
0 |
|a Materia medica, Vegetable
|z India.
|9 58774
|
| 700 |
1 |
|
|a Basu, Baman Das,
|d 1867-1930,
|e joint author.
|9 58775
|
| 852 |
4 |
|
|a Ayesha Abed Library
|c General Shelf.
|
| 942 |
|
|
|2 ddc
|c BK
|
| 999 |
|
|
|c 3070
|d 3070
|
| 952 |
|
|
|0 0
|1 0
|2 ddc
|4 0
|6 581_634095400000000_KIR_2003
|7 0
|9 2783
|a BRACUL
|b BRACUL
|c GEN
|d 2009-07-23
|e Parash Publishers
|g 1250.00
|l 0
|o 581.6340954 KIR
|p 3010018886
|r 2009-08-30
|t 1
|v 2500.00
|w 2009-08-30
|y BK
|